[Event "World Blitz 2015"]
[Site "Berlin GER"]
[Date "2015.10.13"]
[Round "9.36"]
[White "Pavlidis, Antonios"]
[Black "Zvjaginsev, Vadim"]
[Result "0-1"]
[WhiteTitle "GM"]
[BlackTitle "GM"]
[WhiteElo "2522"]
[BlackElo "2660"]
[WhiteFideId "4212312"]
[BlackFideId "4113403"]
[EventDate "2015.10.13"]

1. e4 c5 2. Nf3 g6 3. d4 cxd4 4. Qxd4 Nf6 5. e5 Nc6 6. Qa4 Nd5 7. Qe4 Nb6 8. Nc3
Bg7 9. Bf4 d5 10. exd6 Bf5 11. Qe2 O-O 12. O-O-O exd6 13. h4 Re8 14. Qd2 d5 15.
Bd3 d4 16. Nb5 Qd5 17. b3 Bxd3 18. Nc7 Qc5 19. Nxe8 Rxe8 20. Qxd3 Nb4 0-1

[Event "World Blitz 2015"]
[Site "Berlin GER"]
[Date "2015.10.13"]
[Round "9.37"]
[White "Abel, Dennes"]
[Black "Riazantsev, Alexander"]
[Result "0-1"]
[WhiteTitle "IM"]
[BlackTitle "GM"]
[WhiteElo "2441"]
[BlackElo "2646"]
[WhiteFideId "24605417"]
[BlackFideId "4125029"]
[EventDate "2015.10.13"]

1. e4 c6 2. Nf3 d5 3. Nc3 Nf6 4. e5 Ne4 5. d3 Nxc3 6. bxc3 Bg4 7. h3 Bxf3 8.
Qxf3 e6 9. Qg3 c5 10. Be2 Nc6 11. O-O g6 12. f4 Qa5 13. Bd2 d4 14. Qe1 Qc7 15.
c4 h5 16. g3 Be7 17. Bf3 Kf8 18. Rb1 Rb8 19. Qe4 Kg7 20. a4 a5 21. Rb5 Ra8 22.
Rfb1 Ra7 23. R1b2 Rc8 24. Kf2 Rd8 25. Ke2 Rd7 26. Kf2 Nb4 27. Ke2 b6 28. Kf2 Rd8
29. Kg2 Rh8 30. h4 Bd8 31. Kf2 Qe7 32. Kg2 Rd7 33. Kf2 Bc7 34. Kg2 Re8 35. Qe2
Rdd8 36. Be1 Rf8 37. Bd2 Rde8 38. Be1 f6 39. exf6+ Qxf6 40. Bxb4 axb4 41. a5 e5
42. fxe5 Rxe5 43. Be4 bxa5 44. Rb7 Rf7 45. Rb1 a4 46. Rf1 Qxf1+ 47. Qxf1 Rxf1
48. Kxf1 Re7 49. Ra7 a3 50. Ra6 Rf7+ 51. Ke2 Rf6 52. Ra7 Rf7 53. Ra6 Rf6 54. Ra7
Kh6 55. Rxc7 Ra6 56. Bd5 a2 57. Bg8 g5 58. hxg5+ Kxg5 59. Rxc5+ Kh6 60. Bf7 a1=Q 0-1

[Event "World Blitz 2015"]
[Site "Berlin GER"]
[Date "2015.10.13"]
[Round "9.38"]
[White "Wagner, Dennis"]
[Black "Movsesian, Sergei"]
[Result "0-1"]
[WhiteTitle "GM"]
[BlackTitle "GM"]
[WhiteElo "2575"]
[BlackElo "2658"]
[WhiteFideId "24650684"]
[BlackFideId "310204"]
[EventDate "2015.10.13"]

1. d4 Nf6 2. c4 d6 3. Nf3 Nbd7 4. Nc3 e5 5. e4 c6 6. Be2 g6 7. O-O Bg7 8. d5 c5
9. a3 O-O 10. Ne1 Ne8 11. Nd3 f5 12. f3 f4 13. b4 b6 14. Bd2 h5 15. Rb1 g5 16.
bxc5 dxc5 17. a4 Nd6 18. Nf2 Nf6 19. Nb5 g4 20. Nxd6 Qxd6 21. a5 g3 22. hxg3
fxg3 23. Nh1 h4 24. Bg5 Nh5 25. Bxh4 Qg6 26. Qe1 Bh6 27. Nxg3 Be3+ 28. Kh1 Nf4
29. Bd1 Bd4 30. Rg1 Kf7 31. Nf5 Rh8 32. g3 Bxf5 33. exf5 Qxf5 34. Rg2 Nxg2 35.
Kxg2 Qxb1 36. f4 Qb2+ 37. Kh3 Rag8 38. fxe5 Rxh4+ 0-1

[Event "World Blitz 2015"]
[Site "Berlin GER"]
[Date "2015.10.13"]
[Round "9.39"]
[White "Zhang, Zhong"]
[Black "Riff, Jean-Noel"]
[Result "1-0"]
[WhiteTitle "GM"]
[BlackTitle "GM"]
[WhiteElo "2619"]
[BlackElo "2499"]
[WhiteFideId "8600694"]
[BlackFideId "611190"]
[EventDate "2015.10.13"]

1. e4 c5 2. Nf3 d6 3. Bb5+ Nd7 4. d4 cxd4 5. Qxd4 a6 6. Bxd7+ Bxd7 7. c4 e5 8.
Qd3 h6 9. Nc3 Nf6 10. O-O Rc8 11. a4 Be7 12. b3 O-O 13. Ba3 Bc6 14. Rfd1 Nh5 15.
Qe3 Qc7 16. g3 Nf6 17. Nh4 Bd7 18. Qd3 b5 19. axb5 axb5 20. Nxb5 Bxb5 21. cxb5
Rfd8 22. Nf5 Bf8 23. Ne3 Qb7 24. Nd5 Nd7 25. Bb4 Rb8 26. Ra5 Rdc8 27. Rda1 Nc5
28. Bxc5 Rxc5 29. b6 Rc6 30. Ra7 Qc8 31. Rc7 Qe8 32. Raa7 Rc8 33. Kg2 Qe6 34.
Rxc8 Rxc8 35. b7 Rb8 36. Qb5 Qg4 37. f3 Qg5 38. Ra8 Qd2+ 39. Kh3 Rxb7 40. Qxb7
Qd1 41. Rxf8+ Kh7 42. Qb5 Qxf3 43. Qc4 g5 44. Nf6+ Kg6 45. Qxf7# 1-0

[Event "World Blitz 2015"]
[Site "Berlin GER"]
[Date "2015.10.13"]
[Round "9.40"]
[White "Ivanisevic, Ivan"]
[Black "Demuth, Adrien"]
[Result "0-1"]
[WhiteTitle "GM"]
[BlackTitle "GM"]
[WhiteElo "2653"]
[BlackElo "2545"]
[WhiteFideId "912417"]
[BlackFideId "642274"]
[EventDate "2015.10.13"]

1. d4 d5 2. c4 e6 3. g3 Nf6 4. Bg2 Be7 5. Nf3 O-O 6. Nc3 c5 7. cxd5 exd5 8. O-O
Nc6 9. Bg5 c4 10. Ne5 Be6 11. f4 h6 12. Bxf6 Bxf6 13. e3 Ne7 14. Qh5 b5 15. g4
b4 16. Ne2 g6 17. Qxh6 Bxe5 18. fxe5 Bxg4 19. Ng3 Qd7 20. Rf6 c3 21. bxc3 bxc3
22. Qg5 c2 23. Rc1 Bd1 24. Rd6 Qb7 25. Nh5 Bxh5 26. e6 Qb2 27. Rf1 c1=Q 28. Qxe7
Qxe3+ 29. Kh1 fxe6 30. Rg1 0-1

[Event "World Blitz 2015"]
[Site "Berlin GER"]
[Date "2015.10.13"]
[Round "9.41"]
[White "Khairullin, Ildar"]
[Black "Nepomniachtchi, Ian"]
[Result "1/2-1/2"]
[WhiteTitle "GM"]
[BlackTitle "GM"]
[WhiteElo "2652"]
[BlackElo "2705"]
[WhiteFideId "4151348"]
[BlackFideId "4168119"]
[EventDate "2015.10.13"]

1. d4 Nf6 2. c4 g6 3. Nc3 d5 4. Bg5 Bg7 5. Bxf6 Bxf6 6. cxd5 c5 7. dxc5 Nd7 8.
e3 O-O 9. Bc4 Nxc5 10. Nge2 Qb6 11. Qd2 Qb4 12. b3 Bg4 13. f3 Bd7 14. Rc1 b5 15.
Nxb5 a5 16. Nbd4 Qb6 17. O-O Rfd8 18. a4 Rab8 19. Rfd1 e6 20. dxe6 Bxe6 21. Bxe6
Nxe6 22. Rc3 Rd7 23. Rc6 Qxc6 24. Nxc6 Rxd2 25. Rxd2 Rxb3 26. Nxa5 Ra3 27. Nc4 1/2-1/2

[Event "World Blitz 2015"]
[Site "Berlin GER"]
[Date "2015.10.13"]
[Round "9.42"]
[White "Salem, A.R. Saleh"]
[Black "Khismatullin, Denis"]
[Result "1/2-1/2"]
[WhiteTitle "GM"]
[BlackTitle "GM"]
[WhiteElo "2624"]
[BlackElo "2651"]
[WhiteFideId "9301348"]
[BlackFideId "4142578"]
[EventDate "2015.10.13"]

1. d4 Nf6 2. c4 e6 3. Nf3 d5 4. Nc3 Nbd7 5. cxd5 exd5 6. Bg5 c6 7. e3 h6 8. Bh4
g5 9. Bg3 Nh5 10. Bd3 Nxg3 11. hxg3 Bg7 12. O-O O-O 13. b4 Nb6 14. Qc2 Be6 15.
Nd2 Qe7 16. a3 a5 17. Rab1 axb4 18. Rxb4 Nc8 19. Rfb1 Nd6 20. Na4 b5 21. Nc5
Rxa3 22. R4b3 Rxb3 23. Ndxb3 Nc4 24. Ra1 Bc8 25. Bh7+ Kh8 26. Bf5 Bxf5 27. Qxf5
Nd6 28. Qc2 f5 29. Ra6 f4 30. gxf4 gxf4 31. exf4 Qe1+ 32. Kh2 Rxf4 33. Ra8+ Rf8
34. Rxf8+ Bxf8 35. Nd7 Be7 36. Qg6 Qxf2 37. Qxh6+ Kg8 38. Qg6+ Kh8 39. Qh6+ Kg8
40. Qg6+ 1/2-1/2

[Event "World Blitz 2015"]
[Site "Berlin GER"]
[Date "2015.10.13"]
[Round "9.43"]
[White "Matlakov, Maxim"]
[Black "Milanovic, Danilo"]
[Result "0-1"]
[WhiteTitle "GM"]
[BlackTitle "GM"]
[WhiteElo "2689"]
[BlackElo "2469"]
[WhiteFideId "4168003"]
[BlackFideId "915483"]
[EventDate "2015.10.13"]

1. Nf3 Nf6 2. g3 b5 3. Na3 a6 4. c4 c6 5. Bg2 e6 6. b3 d5 7. O-O Be7 8. Bb2 O-O
9. Rc1 Nbd7 10. Nc2 Bb7 11. cxd5 cxd5 12. Ncd4 Qb6 13. d3 Rac8 14. Qd2 Rfe8 15.
b4 Qd6 16. a3 g6 17. Nb3 e5 18. Nc5 Ba8 19. e3 Bf8 20. Rc2 Bg7 21. Rfc1 Rcd8 22.
Nxd7 Nxd7 23. Rc7 h6 24. h4 Nb6 25. R7c2 Na4 26. Ba1 Bb7 27. Rc7 Ba8 28. Qa2 Nb6
29. R7c2 Qf6 30. Nh2 Qe6 31. Rc5 Na4 32. Rc7 Nb6 33. Nf3 Qd6 34. R7c5 Na4 35.
Rc7 Nb6 36. Qe2 Nc4 37. Ra7 Nxa3 38. Qa2 Qxb4 39. Bb2 Nc4 40. dxc4 dxc4 41. Bc3
Qc5 42. Qxa6 b4 43. h5 Re6 44. Qa1 Bxf3 45. Bxf3 bxc3 46. hxg6 Rxg6 47. Be4
Rxg3+ 48. fxg3 Qxe3+ 49. Kh2 Qe2+ 50. Bg2 Rd2 51. Ra8+ Kh7 52. Qb1+ c2 53. Qb7
e4 54. Ra5 Qxg2# 0-1

[Event "World Blitz 2015"]
[Site "Berlin GER"]
[Date "2015.10.13"]
[Round "9.45"]
[White "Huzman, Alexander"]
[Black "Rublevsky, Sergei"]
[Result "1-0"]
[WhiteTitle "GM"]
[BlackTitle "GM"]
[WhiteElo "2580"]
[BlackElo "2702"]
[WhiteFideId "2803828"]
[BlackFideId "4115309"]
[EventDate "2015.10.13"]

1. Nf3 d5 2. b3 Nf6 3. Bb2 Bg4 4. e3 e6 5. Be2 c5 6. c4 Nc6 7. O-O dxc4 8. bxc4
Be7 9. h3 Bh5 10. Ne5 Bxe2 11. Qxe2 Nxe5 12. Bxe5 O-O 13. Nc3 Nd7 14. Bg3 Bf6
15. Rfc1 Be5 16. Qf3 Qc7 17. Rab1 b6 18. Bxe5 Nxe5 19. Qg3 Qb8 20. Nb5 Nd3 21.
Qxb8 Rfxb8 22. Rc3 Rd8 23. Kf1 Rd7 24. Ke2 Rad8 25. f4 a6 26. Na3 Nb4 27. Rb2 g6
28. Nb1 Rb8 29. Rcb3 Rdb7 30. Nc3 Kg7 31. a3 Nc6 32. Na4 Na5 33. Rxb6 Rxb6 34.
Rxb6 Rxb6 35. Nxb6 Kf6 36. Nd7+ Ke7 37. Nxc5 Nxc4 38. a4 a5 39. Kd3 Nb6 40. Kc2
Kd6 41. Nb7+ Kc7 42. Nxa5 Nxa4 43. Nc4 f6 44. d4 Kc6 45. Kb3 Kb5 46. Nd6+ Ka5
47. Ne8 f5 48. Nf6 Nb6 49. Nxh7 Nd5 50. Nf8 Nxe3 51. Nxe6 Nxg2 52. Kc4 Kb6 53.
d5 g5 54. fxg5 f4 55. g6 f3 56. Kd3 Ne1+ 57. Ke3 Ng2+ 58. Kf2 1-0

[Event "World Blitz 2015"]
[Site "Berlin GER"]
[Date "2015.10.13"]
[Round "9.46"]
[White "Lagno, Kateryna"]
[Black "Van Wely, Loek"]
[Result "1-0"]
[WhiteTitle "GM"]
[BlackTitle "GM"]
[WhiteElo "2523"]
[BlackElo "2632"]
[WhiteFideId "14109336"]
[BlackFideId "1000268"]
[EventDate "2015.10.13"]

1. Nf3 d5 2. g3 Nf6 3. Bg2 Bf5 4. c4 c6 5. cxd5 cxd5 6. Qb3 Qb6 7. Qxb6 axb6 8.
Nc3 Nc6 9. d3 e6 10. O-O Bc5 11. Bd2 Ke7 12. Nb5 Rhc8 13. Rfc1 Ng4 14. d4 Bd6
15. Nxd6 Kxd6 16. a3 h6 17. e3 Be4 18. Ne1 Bxg2 19. Kxg2 Nf6 20. Nd3 Nd7 21. f3
e5 22. dxe5+ Ndxe5 23. Nxe5 Nxe5 24. Bb4+ Ke6 25. Bc3 Nc4 26. Bd4 f6 27. Kf2 Rc6
28. Ke2 Rac8 29. Rc2 Nd6 30. Rxc6 Rxc6 31. Kd2 Nc4+ 32. Kd3 Ne5+ 33. Bxe5 fxe5
34. Kd2 g5 35. Rc1 h5 36. Rxc6+ bxc6 37. a4 c5 38. Kc3 g4 39. f4 exf4 40. exf4
Kf5 41. b4 d4+ 42. Kd3 Ke6 43. bxc5 bxc5 44. a5 Kd5 45. a6 c4+ 46. Ke2 Ke4 47.
a7 d3+ 48. Kf2 d2 49. Ke2 1-0

[Event "World Blitz 2015"]
[Site "Berlin GER"]
[Date "2015.10.13"]
[Round "9.47"]
[White "Bindrich, Falko"]
[Black "Bacrot, Etienne"]
[Result "1/2-1/2"]
[WhiteTitle "GM"]
[BlackTitle "GM"]
[WhiteElo "2594"]
[BlackElo "2697"]
[WhiteFideId "4676670"]
[BlackFideId "605506"]
[EventDate "2015.10.13"]

1. Nf3 d5 2. d4 Nf6 3. c4 e6 4. Nc3 Nbd7 5. cxd5 exd5 6. Bg5 h6 7. Bh4 Bb4 8. e3
g5 9. Bg3 Ne4 10. Nd2 Nxg3 11. hxg3 Nb6 12. Qc2 Be6 13. a3 Bf8 14. Bd3 Bg7 15.
Nb3 Qe7 16. Nc5 c6 17. a4 Bc8 18. a5 Nd7 19. Nb3 Nf6 20. a6 O-O 21. axb7 Qxb7
22. O-O h5 23. Na5 Qb6 24. Ne2 Bd7 25. b3 Rac8 26. Bf5 Bxf5 27. Qxf5 Ne4 28. f3
Nd2 29. Rfd1 Nxb3 30. Rdb1 Nxa1 31. Rxb6 axb6 32. Nb7 Rc7 33. Nd6 Rd8 34. Nxf7
Rxf7 35. Qxg5 Re8 36. Nf4 Nc2 37. Nxh5 Nxe3 38. Qg6 Nf5 39. Qxc6 Bxd4+ 40. Kh2
Ref8 41. Qxd5 Bg7 42. Qe6 Nd4 43. Qxb6 Nxf3+ 44. gxf3 Rxf3 45. Qg6 R3f7 46. Qe6
Kh7 47. Qe4+ Kg8 48. Nf4 Rd8 49. Kh3 Rdf8 50. Ne6 Re8 51. Qd5 Rxe6 52. Qxe6 Kf8
53. Qc8+ Ke7 54. Qg8 Bf6 55. Qg4 Rg7 56. Qe4+ Kf7 57. g4 Rg5 58. Kg3 Re5 59.
Qb7+ Kg6 60. Kf4 Rg5 61. Qe4+ Kg7 62. Qe6 Re5 63. Qd7+ Kg6 64. Qc7 Rg5 65. Qc4
Be5+ 66. Kf3 Bf6 67. Qg8+ Kh6 68. Qf7 Bg7 69. Kf4 Rg6 70. Kg3 Be5+ 71. Kh4 Bf6+
72. Kh3 Bg7 73. Qe8 Rg5 74. Kh4 Bf6 75. Kh3 Kg7 76. Qe6 Re5 77. Qd7+ Kg6 78. Qc7
Rg5 79. Qc8 Kg7 80. Qd7+ Kg6 81. Kg3 Re5 82. Kf4 Rg5 83. Qe8+ Kg7 84. Qe6 Re5
85. Qc4 Rg5 86. Qc7+ Kg6 87. Qd7 Re5 88. Qc8 Kg7 89. Qc7+ Kg6 90. Qc2+ Kg7 91.
Qa2 Rg5 92. Qa7+ Kg6 93. Qa8 Kg7 94. Qb7+ Kg6 95. Qb8 Kg7 96. Qc7+ Kg6 97. Qc8
Kg7 98. Ke4 Re5+ 99. Kd3 Rg5 100. Qd7+ Kg6 101. Qe6 Kg7 102. Qd7+ Kg6 103. Ke3
Re5+ 104. Kf2 Rg5 105. Kf3 Re5 106. Qd3+ Kg7 107. Kf4 Rg5 108. Qd7+ Kg6 109.
Qe8+ Kg7 110. Qe4 1/2-1/2

[Event "World Blitz 2015"]
[Site "Berlin GER"]
[Date "2015.10.13"]
[Round "9.48"]
[White "Anton Guijarro, David"]
[Black "Svane, Rasmus"]
[Result "1-0"]
[WhiteTitle "GM"]
[BlackTitle "IM"]
[WhiteElo "2634"]
[BlackElo "2543"]
[WhiteFideId "2285525"]
[BlackFideId "4657101"]
[EventDate "2015.10.13"]

1. Nf3 d5 2. b3 Nf6 3. Bb2 Bf5 4. Nh4 Bd7 5. e3 c6 6. Nf3 Bf5 7. Nh4 Bg4 8. Be2
Bxe2 9. Qxe2 Nbd7 10. f4 e6 11. Nf3 Be7 12. O-O O-O 13. d3 a5 14. a3 a4 15. b4
c5 16. b5 Qc7 17. c4 dxc4 18. dxc4 Ne4 19. Qc2 f5 20. Nc3 Ndf6 21. Rad1 Nxc3 22.
Bxc3 Ne4 23. Be5 Bd6 24. Bxd6 Nxd6 25. Rd3 Ne4 26. Rfd1 Rfd8 27. Ne5 Nf6 28. h3
h6 29. Rxd8+ Rxd8 30. Qxa4 Kh7 31. Kh2 Ne4 32. Qc2 Rxd1 33. Qxd1 Qa5 34. Qh5 Qe1
35. Qg6+ Kh8 36. Nf7+ Kg8 37. Nxh6+ Kh8 38. Nf7+ Kg8 39. Nd6 Nxd6 40. Qxe6+ Kh7
41. Qxd6 Qxe3 42. a4 Qe4 43. Qe5 Qxc4 44. Qxf5+ Kh6 45. h4 g6 46. Qg5+ Kh7 47.
h5 gxh5 48. Qxh5+ Kg7 49. Qe5+ Kf7 50. Kg3 Qb3+ 51. Kh4 Qxa4 52. Kg5 Qc4 53.
Qc7+ Ke6 54. Qb6+ Kd5 55. Qxb7+ Kd4 56. Qd7+ Kc3 57. b6 Qg8+ 58. Kh4 Qxg2 59. b7
Qh2+ 60. Qh3+ 1-0

[Event "World Blitz 2015"]
[Site "Berlin GER"]
[Date "2015.10.13"]
[Round "9.49"]
[White "Ganguly, Surya Shekhar"]
[Black "Lenic, Luka"]
[Result "1-0"]
[WhiteTitle "GM"]
[BlackTitle "GM"]
[WhiteElo "2652"]
[BlackElo "2639"]
[WhiteFideId "5002150"]
[BlackFideId "14603853"]
[EventDate "2015.10.13"]

1. e4 c6 2. d4 d5 3. e5 Bf5 4. Nf3 e6 5. Be2 f6 6. O-O fxe5 7. Nxe5 Nd7 8. Bh5+
g6 9. Be2 Nxe5 10. dxe5 h5 11. Nd2 Qc7 12. Nf3 Nh6 13. Bg5 Bg7 14. Re1 Nf7 15.
Bf4 O-O-O 16. Bf1 Bg4 17. h3 Bxf3 18. Qxf3 Rdf8 19. Qe3 Qb6 20. Qa3 g5 21. Be3
d4 22. Bd2 Qc7 23. Qxa7 Nxe5 24. Ba5 Qb8 25. Qc5 Rf7 26. Re4 Nd7 27. Qxg5 Qd6
28. Rae1 Nc5 29. Qg6 Rhf8 30. Bb4 Bh8 31. Rxe6 Qf4 32. Bxc5 Qxf2+ 33. Kh1 1-0

[Event "World Blitz 2015"]
[Site "Berlin GER"]
[Date "2015.10.13"]
[Round "9.50"]
[White "Safarli, Eltaj"]
[Black "Godena, Michele"]
[Result "1-0"]
[WhiteTitle "GM"]
[BlackTitle "GM"]
[WhiteElo "2657"]
[BlackElo "2513"]
[WhiteFideId "13402129"]
[BlackFideId "800090"]
[EventDate "2015.10.13"]

1. e4 e5 2. Nc3 Nc6 3. Nf3 Nf6 4. g3 d5 5. exd5 Nxd5 6. Bg2 Nxc3 7. bxc3 Bd6 8.
O-O O-O 9. Re1 h6 10. Rb1 Rb8 11. d3 Bd7 12. Nd2 b6 13. Qh5 Qg5 14. Qxg5 hxg5
15. Ne4 f6 16. Nxd6 cxd6 17. Ba3 Rbc8 18. Bxd6 Rfd8 19. Bd5+ Kh8 20. Ba3 Bh3 21.
Bg2 Bxg2 22. Kxg2 Kg8 23. Re4 Kf7 24. h4 f5 25. Rc4 g4 26. Re1 Kf6 27. Bc1 Ke6
28. Bf4 Rd5 29. Ra4 a5 30. c4 Rd7 31. Be3 Nb4 32. Re2 Rc6 33. Bf4 Rc5 34. Be3
Rc6 35. Ra3 Kf6 36. Rb3 Rb7 37. a3 Na6 38. Bg5+ Ke6 39. Bf4 Rc5 40. Rb5 Rxb5 41.
cxb5 Nc7 42. Bxe5 Nxb5 43. Bxg7+ Kf7 44. Bb2 Rc7 45. Re5 Nd6 46. c4 a4 47. Rd5
Ke6 48. Be5 Rxc4 49. dxc4 Nxc4 50. Rb5 Nxe5 51. Rxb6+ Kd5 52. Ra6 1-0

[Event "World Blitz 2015"]
[Site "Berlin GER"]
[Date "2015.10.13"]
[Round "9.51"]
[White "Donchenko, Alexander"]
[Black "Hjartarson, Johann"]
[Result "1-0"]
[WhiteTitle "GM"]
[BlackTitle "GM"]
[WhiteElo "2577"]
[BlackElo "2529"]
[WhiteFideId "24603295"]
[BlackFideId "2300044"]
[EventDate "2015.10.13"]

1. d4 Nf6 2. c4 e6 3. g3 Bb4+ 4. Bd2 a5 5. Bg2 d6 6. e4 Nbd7 7. Ne2 e5 8. O-O
exd4 9. Nxd4 O-O 10. Nc3 Re8 11. Qc2 Ne5 12. b3 Bc5 13. Nf5 Ng6 14. Ne3 h5 15.
Nf5 Ng4 16. h3 N4e5 17. Kh1 Nc6 18. Nb5 Bd7 19. Bc3 f6 20. Qd1 h4 21. Qg4 Kf7
22. gxh4 Rh8 23. h5 Bxf5 24. exf5 Nge5 25. Bd5+ Kf8 26. Qe2 Nb4 27. Bxb7 Rb8 28.
Be4 c6 29. Nd4 Bxd4 30. Bxd4 Qe8 31. a3 Na6 32. f4 Nf7 33. Qf3 Nd8 34. Rae1 Qxh5
35. Qxh5 Rxh5 36. Rf3 Nc5 37. Bc2 Nf7 38. Re6 Nxe6 39. fxe6 Nd8 40. f5 c5 41.
Bc3 Nc6 42. Rf4 Rxh3+ 43. Kg2 Rxc3 44. Be4 Ne5 45. Rh4 Ke7 46. Rh7 Rbxb3 47.
Rxg7+ Kf8 48. e7+ Kxg7 49. e8=Q Rb2+ 50. Bc2 Rcxc2+ 51. Kh3 Nf7 52. Qe1 Ng5+ 53.
Kg4 Rg2+ 54. Kf4 Rbf2+ 55. Ke3 Re2+ 1-0

[Event "World Blitz 2015"]
[Site "Berlin GER"]
[Date "2015.10.13"]
[Round "9.52"]
[White "Sasikiran, Krishnan"]
[Black "Shabalov, Alexander"]
[Result "1-0"]
[WhiteTitle "GM"]
[BlackTitle "GM"]
[WhiteElo "2639"]
[BlackElo "2522"]
[WhiteFideId "5004985"]
[BlackFideId "2008572"]
[EventDate "2015.10.13"]

1. Nf3 Nf6 2. g3 b6 3. Bg2 Bb7 4. O-O g6 5. c4 Bg7 6. Nc3 e6 7. Re1 d5 8. cxd5
exd5 9. d4 O-O 10. Bf4 a6 11. Qc2 Nbd7 12. Rad1 Re8 13. Ne5 Nf8 14. Bg5 Ne6 15.
Bxf6 Bxf6 16. e3 Qd6 17. f4 Rad8 18. a3 Ng7 19. Qb3 Re7 20. e4 dxe4 21. Bxe4 Bc8
22. Nc6 Rxe4 23. Nxe4 Qxc6 24. d5 1-0

[Event "World Blitz 2015"]
[Site "Berlin GER"]
[Date "2015.10.13"]
[Round "9.54"]
[White "Hirneise, Tobias"]
[Black "Bologan, Viktor"]
[Result "1-0"]
[WhiteTitle "IM"]
[BlackTitle "GM"]
[WhiteElo "2457"]
[BlackElo "2607"]
[WhiteFideId "24600881"]
[BlackFideId "13900048"]
[EventDate "2015.10.13"]

1. e4 g6 2. d4 Bg7 3. Nc3 c6 4. f4 d5 5. e5 Nh6 6. Be3 Qb6 7. Na4 Qa5+ 8. c3 Nd7
9. Nf3 b5 10. Nc5 Nxc5 11. dxc5 Bg4 12. Be2 Nf5 13. Bf2 Bxf3 14. Bxf3 b4 15.
cxb4 Qxb4+ 16. Qd2 Qxd2+ 17. Kxd2 e6 18. g4 Ne7 19. Bd4 a5 20. b3 Kd7 21. a3 g5
22. f5 Nc8 23. f6 Bf8 24. h4 gxh4 25. Rxh4 Na7 26. a4 Rb8 27. Kc3 Rb4 28. Rah1
h6 29. g5 Nb5+ 30. axb5 cxb5 31. gxh6 Kc6 32. h7 1-0

[Event "World Blitz 2015"]
[Site "Berlin GER"]
[Date "2015.10.13"]
[Round "9.55"]
[White "Postny, Evgeny"]
[Black "Shchekachev, Andrei"]
[Result "1-0"]
[WhiteTitle "GM"]
[BlackTitle "GM"]
[WhiteElo "2658"]
[BlackElo "2531"]
[WhiteFideId "2804344"]
[BlackFideId "4107730"]
[EventDate "2015.10.13"]

1. d4 d6 2. Nf3 g6 3. c4 Bg7 4. Nc3 Nd7 5. e4 e5 6. Bg5 Ngf6 7. d5 h6 8. Be3 Nc5
9. Bd3 Nxd3+ 10. Qxd3 Ng4 11. Bd2 f5 12. h3 Nf6 13. O-O-O fxe4 14. Nxe4 Bf5 15.
Nxf6+ Qxf6 16. Qe3 O-O 17. Bc3 a6 18. Nd2 b5 19. c5 Qf7 20. g4 Bc8 21. Ne4 Qe7
22. Bb4 Bb7 23. cxd6 cxd6 24. Bxd6 Rfc8+ 25. Kb1 Qf7 26. Nc3 e4 27. Bc5 b4 28.
Bxb4 Rc4 29. Ba5 Re8 30. d6 Bc6 31. Rd2 Be5 32. Qb6 e3 33. fxe3 Bxc3 34. Bxc3
Bxh1 35. a3 Be4+ 36. Ka1 Qf1+ 37. Ka2 Rxc3 38. bxc3 Qc4+ 39. Kb2 Bd5 1-0

[Event "World Blitz 2015"]
[Site "Berlin GER"]
[Date "2015.10.13"]
[Round "9.56"]
[White "Stern, Rene"]
[Black "Rakhmanov, Aleksandr"]
[Result "0-1"]
[WhiteTitle "GM"]
[BlackTitle "GM"]
[WhiteElo "2538"]
[BlackElo "2637"]
[WhiteFideId "4611799"]
[BlackFideId "4173708"]
[EventDate "2015.10.13"]

1. d4 Nf6 2. c4 d6 3. Nc3 e5 4. Nf3 e4 5. Ng5 Qe7 6. Qc2 Nc6 7. Ngxe4 Nxe4 8.
Nxe4 Nxd4 9. Qd3 Nc6 10. Nc3 Ne5 11. Qc2 c6 12. e3 g6 13. b3 Bg7 14. Bb2 O-O 15.
Be2 Qg5 16. g3 Qe7 17. O-O Bf5 18. Qd2 Rad8 19. Rad1 Bh3 20. Rfe1 f5 21. f4 Nf7
22. Bf3 g5 23. Na4 Rfe8 24. Bxg7 Kxg7 25. Qd4+ Qf6 26. Qxa7 Re7 27. Qd4 Rde8 28.
Qxf6+ Kxf6 29. Kf2 Kg6 30. Nc3 h5 31. Re2 Rh8 32. Rg1 Bg4 33. Rd2 Kf6 34. fxg5+
Kxg5 35. Ne2 Bxf3 36. Kxf3 Ne5+ 37. Kg2 Ng4 38. Rxd6 h4 39. gxh4+ Rxh4 40. h3
Nxe3+ 41. Kf3+ Ng4 42. hxg4 fxg4+ 43. Kf2 Rh2+ 44. Rg2 Rxe2+ 45. Kxe2 Rxg2+ 46.
Kf1 Rxa2 47. Rd7 Ra7 48. Kg2 Kf4 49. Rf7+ Ke3 50. Kg3 Kd2 51. Kxg4 Kc2 52. Rf3
Ra3 53. c5 Rxb3 54. Rf7 Kc3 55. Kf4 Kc4 56. Rf5 Rb5 57. Ke3 Rxc5 58. Rf7 Rb5 59.
Kd2 Kc5 60. Kc3 Kb6 61. Rf4 Rh5 62. Rg4 Kc7 63. Kb4 Rb5+ 64. Kc4 Kb6 65. Rg7 Ra5
66. Kb4 c5+ 67. Kc4 Ra4+ 68. Kb3 Rb4+ 69. Kc3 Kc6 70. Rg6+ Kb5 71. Rg7 b6 72.
Rg6 Ra4 73. Rh6 Ra3+ 74. Kb2 Rg3 75. Rh4 Ka5 76. Rh8 Kb4 77. Rh4+ c4 78. Rh6 b5
79. Rh5 Rb3+ 80. Kc2 Ra3 81. Kb2 Rg3 82. Rh2 Rd3 83. Rg2 Ka4 84. Kc2 Ra3 85. Kb2
b4 86. Rg8 c3+ 87. Kb1 Kb3 88. Rg2 Ra7 89. Rb2+ Kc4 90. Rh2 Rd7 91. Rh4+ Rd4 92.
Rh2 b3 0-1

[Event "World Blitz 2015"]
[Site "Berlin GER"]
[Date "2015.10.13"]
[Round "9.57"]
[White "Kovalenko, Igor"]
[Black "Maze, Sebastien"]
[Result "1-0"]
[WhiteTitle "GM"]
[BlackTitle "GM"]
[WhiteElo "2700"]
[BlackElo "2582"]
[WhiteFideId "14117908"]
[BlackFideId "613762"]
[EventDate "2015.10.13"]

1. d4 Nf6 2. Nf3 g6 3. c4 Bg7 4. g3 O-O 5. Bg2 d6 6. Nc3 Nbd7 7. O-O e5 8. Qc2
Re8 9. e4 exd4 10. Nxd4 a6 11. Rd1 Rb8 12. h3 c6 13. Bf4 Ne5 14. c5 Bf8 15. cxd6
Bxd6 16. Bxe5 Rxe5 17. Nf3 Qe7 18. Nxe5 Bxe5 19. Ne2 Be6 20. Rac1 h5 21. b3 h4
22. Qc5 Qxc5 23. Rxc5 Bc7 24. gxh4 Nh5 25. Bf3 Nf6 26. Kg2 Kg7 27. h5 gxh5 28.
Nd4 Kf8 29. Nxe6+ fxe6 30. h4 Kf7 31. Rg5 Bf4 32. Rc5 Ke7 33. Kf1 Rf8 34. Ke2
Bd6 35. Rg5 1-0

[Event "World Blitz 2015"]
[Site "Berlin GER"]
[Date "2015.10.13"]
[Round "9.58"]
[White "Ernst, Sipke"]
[Black "Dlugy, Maxim"]
[Result "0-1"]
[WhiteTitle "GM"]
[BlackTitle "GM"]
[WhiteElo "2527"]
[BlackElo "2518"]
[WhiteFideId "1004689"]
[BlackFideId "2000075"]
[EventDate "2015.10.13"]

1. Nf3 Nf6 2. c4 g6 3. Nc3 Bg7 4. e4 d6 5. d4 O-O 6. Be2 e5 7. O-O exd4 8. Nxd4
Re8 9. f3 c6 10. Kh1 Nbd7 11. Bf4 Nh5 12. Be3 f5 13. Qd2 f4 14. Bf2 Be5 15. Rad1
a5 16. Na4 Qf6 17. Nb3 Rb8 18. c5 Nxc5 19. Nbxc5 dxc5 20. Nxc5 Ng3+ 21. Kg1 Nxf1
22. Kxf1 b6 23. Na4 c5 24. a3 Be6 25. Nc3 Red8 26. Nd5 Bxd5 27. exd5 Bxb2 28. d6
Bd4 29. Bxd4 cxd4 30. Qxd4 Qxd4 31. Rxd4 b5 32. Ke1 Rb6 33. d7 Rb7 34. a4 Rdxd7
35. Rxd7 0-1